Educación tecnológica: Programa de estudio octavo año básico, NB6
Guardado en:
| Autor Corporativo: | |
|---|---|
| Formato: | Libro |
| Lenguaje: | español |
| Publicado: |
Santiago
Ministerio de Educación
2001
|
| Colección: | Educación Básica, 8
|
| Materias: | |
| Etiquetas: |
Agregar Etiqueta
Sin Etiquetas, Sea el primero en etiquetar este registro!
|
MARC
| LEADER | 00000nam a2200000 a 4500 | ||
|---|---|---|---|
| 001 | UCJ1238 | ||
| 003 | CL-VaPUC | ||
| 008 | 061006e20010000CL |||||||||||||||||spa|d | ||
| 020 | |a 9567933790 | ||
| 082 | 0 | 4 | |a 372.358 |b MIN |2 21 |
| 110 | 2 | |a Ministerio de Educación |e author |9 501777 | |
| 245 | 1 | 0 | |a Educación tecnológica: Programa de estudio octavo año básico, NB6 |
| 300 | |a 117 p | ||
| 942 | |c BK | ||
| 945 | |d 20061006 00:00:00 |a cmena | ||
| 260 | |a Santiago |b Ministerio de Educación |c 2001 | ||
| 650 | 0 | |a Educación básica |9 224933 | |
| 650 | 0 | |a Métodos de enseñanza |9 270413 | |
| 650 | 0 | |a Libros de texto |9 270019 | |
| 650 | 0 | |a Educación tecnológica |9 307597 | |
| 650 | 0 | |a Planificación del currículo |9 269599 | |
| 583 | |a last modification |c 20140401 07:51:44 |k Rodrigo Vera | ||
| 490 | 0 | |a Educación Básica, 8 | |
| 999 | |c 317897 |d 317895 | ||
| 952 | |0 0 |1 0 |4 0 |6 372_358000000000000_MIN_2001 |7 0 |8 R |9 394960 |a BIBEDU |b BIBEDU |d 2019-11-22 |i 4277597 |o 372.358 MIN 2001 |p 4277597 |r 2019-11-22 |w 2019-11-22 |y BK_R |k EBA | ||
| 952 | |0 0 |1 0 |4 0 |6 372_358000000000000_MIN_2001 |7 0 |8 R |9 394961 |a BIBEDU |b BIBEDU |d 2019-11-22 |i 4243374 |o 372.358 MIN 2001 |p 4243374 |r 2019-11-22 |w 2019-11-22 |y BK_R |k EBA | ||